[Event "HEM C-Turnier"]
[Site "Frankfurt-Zeilsheim"]
[Date "2018.05.12"]
[Round "6.1"]
[White "Fuchs, Christofer"]
[Black "Doehne, Vincent"]
[Result "1/2-1/2"]
[WhiteElo "1265"]
[BlackElo "1296"]
[PlyCount "83"]
[EventDate "2018.??.??"]
[EventType "swiss"]
[EventRounds "7"]
[EventCountry "GER"]
[WhiteTeam "SC Bad Soden"]
[BlackTeam "SC Hattersheim"]

1. e4 e5 2. Nf3 Nc6 3. d4 exd4 4. Bc4 Nf6 5. e5 Ne4 6. Bd5 Bb4+ 7. c3 dxc3 8.
O-O Nc5 9. a3 cxb2 10. Bxb2 Ba5 11. e6 fxe6 12. Bxc6 bxc6 13. Bxg7 Rg8 14. Bd4
Ne4 15. Qa4 Nd2 16. Nbxd2 Bxd2 17. Qc2 Bf4 18. Qxh7 Kf8 19. g3 Bb7 20. Rab1 Ba6
21. Rfe1 Qe7 22. Qe4 Bd6 23. Re3 Bc4 24. Bxa7 Bd5 25. Qa4 Rxa7 26. Qxa7 Bc5 27.
Rb8+ Kg7 28. Rxg8+ Kxg8 29. Qa4 Bxe3 30. Qg4+ Kf8 31. fxe3 Qxa3 32. Qf4+ Ke8
33. h4 Qc1+ 34. Kh2 Qc2+ 35. Kh3 Bxf3 36. Qxf3 Qf5+ 37. Qxf5 exf5 38. Kg2 c5
39. Kf3 c4 40. Ke2 d5 41. Kd2 Kf7 42. Kc3 1/2-1/2

[Event "HEM C-Turnier"]
[Site "Frankfurt-Zeilsheim"]
[Date "2018.05.12"]
[Round "6.3"]
[White "Hoelss, Silas"]
[Black "Schaefer, Jessica"]
[Result "1-0"]
[WhiteElo "1457"]
[BlackElo "1461"]
[PlyCount "115"]
[EventDate "2018.??.??"]
[EventType "swiss"]
[EventRounds "7"]
[EventCountry "GER"]
[WhiteTeam "SSG Hungen-Lich"]
[BlackTeam "SK Turm Bad Hersfeld"]

1. e4 c5 2. Nf3 Nc6 3. d4 cxd4 4. Nxd4 Nf6 5. Nc3 d6 6. Bb5 Bd7 7. O-O g6 8. b3
Bg7 9. Bb2 O-O 10. Bxc6 bxc6 11. Re1 Qa5 12. Nf3 Ng4 13. Na4 Bxb2 14. Nxb2 Rad8
15. h3 Ne5 16. Nxe5 dxe5 17. Nc4 Qc5 18. Qf3 f6 19. Rad1 Be6 20. Qe3 Qxe3 21.
Nxe3 a6 22. c4 Rb8 23. Rd3 Rfd8 24. Red1 Rxd3 25. Rxd3 a5 26. Nd1 a4 27. Nb2
axb3 28. Rxb3 Rxb3 29. axb3 Kf8 30. Kf1 Ke8 31. Ke1 Kd7 32. Kd2 c5 33. Na4 Kc6
34. Kc3 f5 35. Kd3 f4 36. Kc3 f3 37. g4 h5 38. gxh5 gxh5 39. h4 Bc8 40. b4
cxb4+ 41. Kxb4 Bb7 42. c5 Kc7 43. Nc3 Kc6 44. Nd5 e6 45. Ne7+ Kd7 46. Ng6 Bxe4
47. Nxe5+ Kc7 48. Kc4 Bb7 49. Kd4 Bd5 50. Ke3 Bc6 51. Nxf3 Bxf3 52. Kxf3 Kc6
53. Ke4 Kxc5 54. Ke5 Kc4 55. Kxe6 Kd4 56. Kf5 Kd3 57. Kg5 Ke4 58. f4 1-0

[Event "HEM C-Turnier"]
[Site "Frankfurt-Zeilsheim"]
[Date "2018.05.12"]
[Round "6.4"]
[White "Mitsiioannou, Antonios"]
[Black "Scallan, Cillian"]
[Result "1-0"]
[WhiteElo "1430"]
[BlackElo "1134"]
[PlyCount "61"]
[EventDate "2018.??.??"]
[EventType "swiss"]
[EventRounds "7"]
[EventCountry "GER"]
[WhiteTeam "SV Ffm-Griesheim"]

1. e4 e5 2. Nf3 Nc6 3. Bb5 a6 4. Ba4 Nf6 5. O-O Be7 6. Re1 O-O 7. c3 b5 8. Bb3
d6 9. h3 Nb8 10. d4 Nbd7 11. Nbd2 Bb7 12. Bc2 Re8 13. Nf1 Rc8 14. Ng3 g6 15.
Ng5 exd4 16. cxd4 c5 17. Bb3 c4 18. Bc2 Nb6 19. h4 h6 20. Nf3 Bf8 21. h5 gxh5
22. e5 Bxf3 23. Qxf3 dxe5 24. dxe5 Qd5 25. Qxf6 Re6 26. Qf5 Rg6 27. Be4 Qd8 28.
Qxh5 Re6 29. Qg4+ Kh8 30. Nf5 Rg6 31. Qh3 1-0

[Event "HEM C-Turnier"]
[Site "Frankfurt-Zeilsheim"]
[Date "2018.05.12"]
[Round "6.5"]
[White "Kasiman, Alexander"]
[Black "Menz, Sebastian"]
[Result "1/2-1/2"]
[WhiteElo "1139"]
[BlackElo "1265"]
[PlyCount "21"]
[EventDate "2018.??.??"]
[EventType "swiss"]
[EventRounds "7"]
[EventCountry "GER"]
[WhiteTeam "SV Ffm-Griesheim"]
[BlackTeam "SC Ehrenberg"]

1. e4 e5 2. Nf3 d6 3. d4 exd4 4. Nxd4 Nf6 5. Bg5 Be7 6. Nc3 Bd7 7. Bd3 Nc6 8.
Be3 O-O 9. Qd2 Ne5 10. O-O-O c5 11. Nf5 1/2-1/2

[Event "HEM C-Turnier"]
[Site "Frankfurt-Zeilsheim"]
[Date "2018.05.12"]
[Round "6.6"]
[White "Giebitz, Walter"]
[Black "Shehab, Tarek"]
[Result "1/2-1/2"]
[WhiteElo "1476"]
[BlackElo "1218"]
[PlyCount "89"]
[EventDate "2018.??.??"]
[EventType "swiss"]
[EventRounds "7"]
[EventCountry "GER"]
[WhiteTeam "SC Steinbach"]
[BlackTeam "SF Korbach"]

1. e4 e5 2. Nf3 Nc6 3. Bb5 a6 4. Bxc6 dxc6 5. h3 Bc5 6. d3 f6 7. O-O Ne7 8. Be3
Qd6 9. d4 exd4 10. Bxd4 Be6 11. Bxc5 Qxc5 12. Nc3 Rd8 13. Qc1 O-O 14. Rd1 Ng6
15. Rxd8 Rxd8 16. Qe1 Qh5 17. Rd1 Rf8 18. Qe3 Ne5 19. Nxe5 Qxe5 20. a3 f5 21.
Qd4 Qxd4 22. Rxd4 fxe4 23. Rxe4 Bd7 24. Re7 Rf7 25. Rxf7 Kxf7 26. g4 Ke6 27.
Ne4 Kd5 28. f3 Be8 29. Kf2 c5 30. Ke3 Bg6 31. Nc3+ Ke6 32. f4 Bxc2 33. f5+ Ke5
34. Ne2 Bb3 35. Nf4 Bf7 36. Nd3+ Kd5 37. Nf4+ Kc4 38. Kd2 Kb3 39. Kc1 c4 40.
Ne6 g6 41. fxg6 Bxg6 42. Nc5+ Ka2 43. Nxb7 Bf7 44. Kc2 Bg6+ 45. Kc3 1/2-1/2

[Event "HEM C-Turnier"]
[Site "Frankfurt-Zeilsheim"]
[Date "2018.05.12"]
[Round "6.7"]
[White "Goodwin, David"]
[Black "Droeser, Wolfgang"]
[Result "1-0"]
[WhiteElo "1539"]
[BlackElo "1420"]
[PlyCount "93"]
[EventDate "2018.??.??"]
[EventType "swiss"]
[EventRounds "7"]
[EventCountry "GER"]
[WhiteTeam "SV Kelsterbach"]
[BlackTeam "SC Sulzbach"]

1. Nf3 d6 2. g3 g6 3. Bg2 Bg7 4. d3 c6 5. O-O Qc7 6. Nbd2 e5 7. c4 Na6 8. a3
Ne7 9. Rb1 Bd7 10. b4 b5 11. cxb5 cxb5 12. Nxe5 Bc6 13. Nxc6 Nxc6 14. Nb3 Rb8
15. Be3 Nd8 16. Rc1 Qd7 17. Na5 d5 18. Qb3 Nc7 19. Bxa7 Ra8 20. Bb6 O-O 21. Bh3
Nde6 22. Rxc7 Qe8 23. Bxe6 Qxe6 24. Be3 Rad8 25. Rc2 f5 26. Bc5 Rf7 27. e3 h5
28. Qa2 Bf6 29. Re2 h4 30. Bd4 Be7 31. Nb7 Rd7 32. Nc5 Bxc5 33. Bxc5 Rh7 34. e4
f4 35. exd5 Qg4 36. d6+ Kg7 37. Qb2+ Kh6 38. Qd2 Rdf7 39. f3 Qg5 40. g4 Qd5 41.
Re4 h3 42. Rxf4 Kg7 43. Rxf7+ Qxf7 44. Qe3 Qa2 45. Qf2 Qxa3 46. d7 Qxd3 47.
Qd4+ 1-0

[Event "HEM C-Turnier"]
[Site "Frankfurt-Zeilsheim"]
[Date "2018.05.12"]
[Round "6.8"]
[White "Arnold, Aaron"]
[Black "Graef, Kilian Gabriel"]
[Result "1-0"]
[WhiteElo "1339"]
[BlackElo "1523"]
[PlyCount "67"]
[EventDate "2018.??.??"]
[EventType "swiss"]
[EventRounds "7"]
[EventCountry "GER"]
[WhiteTeam "SC Frankfurt-West"]
[BlackTeam "SV Frankfurt Nord"]

1. d4 Nf6 2. Nc3 g6 3. e4 d6 4. Nf3 Bg7 5. Be2 O-O 6. Bg5 Nbd7 7. O-O c5 8.
dxc5 Nxc5 9. e5 dxe5 10. Nxe5 Bd7 11. Nxd7 Qxd7 12. Qxd7 Ncxd7 13. Rad1 Rfe8
14. Bb5 Rad8 15. Bxf6 Bxf6 16. Bxd7 Rf8 17. Bg4 e6 18. Na4 Rd4 19. Rxd4 Bxd4
20. c3 Be5 21. Nc5 b6 22. Nd7 Bxh2+ 23. Kxh2 Rd8 24. Rd1 Rc8 25. Ne5 Rc5 26.
Nd7 Rg5 27. Bf3 Kg7 28. Nb8 Kf6 29. Rd7 e5 30. Rxa7 Ke6 31. Ra6 Kf5 32. Rxb6 f6
33. Nd7 e4 34. Rxf6# 1-0

[Event "HEM C-Turnier"]
[Site "Frankfurt-Zeilsheim"]
[Date "2018.05.12"]
[Round "6.9"]
[White "Willand, Mattis"]
[Black "Weber, Stefan"]
[Result "0-1"]
[WhiteElo "1261"]
[BlackElo "1508"]
[PlyCount "86"]
[EventDate "2018.??.??"]
[EventType "swiss"]
[EventRounds "7"]
[EventCountry "GER"]
[WhiteTeam "SC FK Babenhausen"]
[BlackTeam "SF Korbach"]

1. c4 e5 2. Nc3 Bc5 3. g3 d6 4. Bg2 Nf6 5. d3 c6 6. Bg5 Bxf2+ 7. Kxf2 Ng4+ 8.
Ke1 Qxg5 9. e4 Ne3 10. Qd2 Nxg2+ 11. Qxg2 O-O 12. Nf3 Qe3+ 13. Qe2 Qxe2+ 14.
Kxe2 Bg4 15. Rad1 c5 16. Nd5 Nc6 17. Rhf1 Nd4+ 18. Ke3 Nxf3 19. Rxf3 Bxf3 20.
Kxf3 Rae8 21. g4 Kh8 22. Ke3 Re6 23. Rf1 Rh6 24. Rf2 Rh3+ 25. Ke2 Rh4 26. Rg2
Re8 27. Kf2 Re6 28. g5 Rh5 29. Ke3 Rg6 30. Rf2 Rgxg5 31. Rxf7 Rh3+ 32. Kd2
Rxh2+ 33. Kc3 Kg8 34. Rxb7 Rgg2 35. Rd7 Rc2+ 36. Kb3 Rxb2+ 37. Ka3 Rxa2+ 38.
Kb3 Rhb2+ 39. Kc3 Rc2+ 40. Kb3 h5 41. Rxd6 h4 42. Nc7 a5 43. Ne6 a4# 0-1

[Event "HEM C-Turnier"]
[Site "Frankfurt-Zeilsheim"]
[Date "2018.05.12"]
[Round "6.10"]
[White "Jayakumar, Sharun"]
[Black "Neagu, Liviu"]
[Result "0-1"]
[WhiteElo "1212"]
[BlackElo "1562"]
[PlyCount "82"]
[EventDate "2018.??.??"]
[EventType "swiss"]
[EventRounds "7"]
[EventCountry "GER"]
[WhiteTeam "SV Ffm-Griesheim"]
[BlackTeam "SF Friedberg"]

1. e4 c5 2. Nc3 Nc6 3. f4 g6 4. Nf3 Bg7 5. Bb5 Nd4 6. Nxd4 cxd4 7. Ne2 a6 8.
Bc4 e6 9. d3 Ne7 10. O-O d5 11. Bb3 dxe4 12. dxe4 Nc6 13. c3 O-O 14. cxd4 Nxd4
15. Be3 Nxb3 16. Qxb3 b5 17. Ng3 Qe7 18. Rad1 Bb7 19. Rd2 Rfd8 20. Rfd1 Rxd2
21. Bxd2 Rd8 22. e5 Qc5+ 23. Kf1 Qc6 24. Ke1 Qxg2 25. Qe3 Qxh2 26. Nf1 Qh1 27.
Ke2 Qh5+ 28. Ke1 Bh6 29. Qb6 Qh4+ 30. Ke2 Bg2 31. Ne3 Bh3 32. Ba5 Bg4+ 33. Nxg4
Qxg4+ 34. Kf2 Qxf4+ 35. Ke2 Qxe5+ 36. Kf2 Qh2+ 37. Kf3 Qh3+ 38. Ke4 Qg2+ 39.
Ke5 Qe2+ 40. Kf6 Qf3+ 41. Ke7 Bg5# 0-1

[Event "HEM C-Turnier"]
[Site "Frankfurt-Zeilsheim"]
[Date "2018.05.12"]
[Round "6.11"]
[White "Edelmann, Viktor"]
[Black "Arnold, Jan"]
[Result "0-1"]
[WhiteElo "967"]
[BlackElo "1441"]
[PlyCount "62"]
[EventDate "2018.??.??"]
[EventType "swiss"]
[EventRounds "7"]
[EventCountry "GER"]
[WhiteTeam "SC Frankfurt-West"]
[BlackTeam "SC Frankfurt-West"]

1. e4 c5 2. d4 cxd4 3. Qxd4 Nc6 4. Qd1 g6 5. Nc3 Bg7 6. Bd3 d6 7. Nf3 Nf6 8.
Bc4 O-O 9. Bd3 Bg4 10. h3 Be6 11. Ng5 Bd7 12. g4 Ne5 13. Be3 Nxd3+ 14. cxd3 Bc6
15. Nf3 d5 16. e5 Ne8 17. d4 f6 18. Qd2 fxe5 19. Bh6 Rxf3 20. O-O-O exd4 21.
Bxg7 Nxg7 22. Ne2 Rxf2 23. Rhf1 Qf8 24. Qxd4 Rxf1 25. h4 Rxd1+ 26. Kxd1 Rc8 27.
h5 Qf6 28. Qg1 Ba4+ 29. Kd2 Qg5+ 30. Kd3 Bc2+ 31. Kd4 Ne6# 0-1

[Event "HEM C-Turnier"]
[Site "Frankfurt-Zeilsheim"]
[Date "2018.05.12"]
[Round "6.12"]
[White "Klein, Simon"]
[Black "Gertel, Josef"]
[Result "0-1"]
[WhiteElo "1383"]
[BlackElo "1227"]
[PlyCount "68"]
[EventDate "2018.??.??"]
[EventType "swiss"]
[EventRounds "7"]
[EventCountry "GER"]
[WhiteTeam "SK Hungen"]
[BlackTeam "SC Frankfurt-West"]

1. d4 d6 2. Nc3 Nf6 3. e4 e6 4. Nf3 Nc6 5. Bf4 d5 6. e5 Nd7 7. a3 Nb6 8. Bd3 a6
9. h4 h6 10. h5 Be7 11. Qd2 Nc4 12. Bxc4 dxc4 13. g4 f6 14. O-O-O b5 15. exf6
Bxf6 16. g5 hxg5 17. Bxg5 Bb7 18. Qe3 Qe7 19. Bxf6 gxf6 20. Ne4 O-O-O 21. Nc5
e5 22. d5 Na5 23. Nxb7 Nxb7 24. Nd4 Rxd5 25. Nc6 Rxd1+ 26. Kxd1 Qd6+ 27. Kc1
Qxc6 28. Rd1 Rxh5 29. Qg3 Kb8 30. Qg8+ Ka7 31. Qf7 Rh1 32. Rxh1 Qxh1+ 33. Kd2
Qc6 34. Qf8 Qd6+ 0-1

[Event "HEM C-Turnier"]
[Site "Frankfurt-Zeilsheim"]
[Date "2018.05.12"]
[Round "6.13"]
[White "Ruppert, Henry"]
[Black "Doehne, Michael"]
[Result "0-1"]
[WhiteElo "1181"]
[BlackElo "1363"]
[PlyCount "68"]
[EventDate "2018.??.??"]
[EventType "swiss"]
[EventRounds "7"]
[EventCountry "GER"]
[WhiteTeam "SC Flörsheim"]
[BlackTeam "SC Hattersheim"]

1. e4 e5 2. Nf3 Nf6 3. Nxe5 d6 4. Nf3 Nxe4 5. Nc3 d5 6. d4 Bb4 7. Bd2 O-O 8.
Bd3 Re8 9. O-O Nc6 10. Re1 Bf5 11. Ne2 Bxd2 12. Nxd2 Qh4 13. Ng3 Nxd4 14. c3
Qf4 15. Nf3 Nxf3+ 16. Qxf3 Qxf3 17. gxf3 Nxg3 18. Bb5 Rxe1+ 19. Rxe1 c6 20. Ba4
Nh5 21. Re5 g6 22. Re7 b5 23. Bb3 Nf4 24. Rc7 Re8 25. h4 Re1+ 26. Kh2 Rf1 27.
Rxc6 Rxf2+ 28. Kg3 Nh3 29. Bxd5 Rxb2 30. Rc7 Ng1 31. Kf4 Be6 32. Bc6 Ne2+ 33.
Kg5 Kg7 34. f4 h6# 0-1

[Event "HEM C-Turnier"]
[Site "Frankfurt-Zeilsheim"]
[Date "2018.05.12"]
[Round "6.14"]
[White "Pessotschinski, Eduard"]
[Black "Coskun, Eray"]
[Result "1-0"]
[WhiteElo "1383"]
[BlackElo "839"]
[PlyCount "105"]
[EventDate "2018.??.??"]
[EventType "swiss"]
[EventRounds "7"]
[EventCountry "GER"]
[WhiteTeam "TuS Makkabi"]
[BlackTeam "SC Flörsheim"]

1. e4 e5 2. Nf3 Nc6 3. d4 d6 4. dxe5 dxe5 5. Qxd8+ Kxd8 6. Bc4 Nf6 7. Bg5 Bg4
8. Bxf6+ gxf6 9. Nbd2 f5 10. O-O-O Ke7 11. h3 Bh5 12. exf5 Bh6 13. g4 e4 14.
Rde1 Rad8 15. Rxe4+ Kf6 16. gxh5 Nb4 17. a3 Nd5 18. Nh4 Nf4 19. Ndf3 Nd3+ 20.
Kb1 Nxf2 21. Ree1 Nxh1 22. Rxh1 Bg5 23. Rg1 h6 24. Re1 Bxh4 25. Nxh4 Rd4 26.
Bxf7 Rxh4 27. Bg6 Rxh3 28. Re6+ Kg5 29. f6 Rh1+ 30. Ka2 Rf1 31. f7 Rf8 32. Re8
R8xf7 33. Bxf7 Rxf7 34. Re5+ Rf5 35. Re7 Rc5 36. Kb3 Kxh5 37. Rg7 Rg5 38. Rxc7
Rb5+ 39. Kc3 Kg4 40. Rg7+ Rg5 41. Rxb7 h5 42. Rxa7 h4 43. a4 h3 44. Rh7 Rh5 45.
Rg7+ Kh4 46. Rg1 h2 47. Rh1 Rc5+ 48. Kd3 Kg3 49. Ke3 Rf5 50. b4 Rf2 51. b5 Kg2
52. Rxh2+ Kxh2 53. Kxf2 1-0

[Event "HEM C-Turnier"]
[Site "Frankfurt-Zeilsheim"]
[Date "2018.05.12"]
[Round "6.15"]
[White "Schmidt, Jeremy"]
[Black "Politoukhin, Nikolaj"]
[Result "1-0"]
[WhiteElo "1161"]
[BlackElo "893"]
[PlyCount "43"]
[EventDate "2018.??.??"]
[EventType "swiss"]
[EventRounds "7"]
[EventCountry "GER"]
[WhiteTeam "SG Rödermark"]
[BlackTeam "SC Flörsheim"]

1. e4 d5 2. exd5 Qxd5 3. Nc3 Qa5 4. d4 Nf6 5. Bd2 c6 6. Nf3 Bg4 7. Bc4 Nbd7 8.
h3 Bh5 9. O-O e6 10. a3 Be7 11. Nd5 Qd8 12. Nxe7 Qxe7 13. Bb4 c5 14. dxc5 Nxc5
15. Bb5+ Kf8 16. g4 Nxg4 17. hxg4 Bxg4 18. Kg2 e5 19. Qd5 Rc8 20. Rfe1 f6 21.
Nxe5 Be6 22. Ng6+ 1-0

[Event "HEM C-Turnier"]
[Site "Frankfurt-Zeilsheim"]
[Date "2018.05.12"]
[Round "6.16"]
[White "Fuchs, Henrik"]
[Black "Oezyar, Arin"]
[Result "1-0"]
[WhiteElo "1099"]
[BlackElo "981"]
[PlyCount "125"]
[EventDate "2018.??.??"]
[EventType "swiss"]
[EventRounds "7"]
[EventCountry "GER"]
[WhiteTeam "SC Bad Soden"]
[BlackTeam "SC Bad Soden"]

1. d4 d5 2. Bg5 Nf6 3. c4 e6 4. Nf3 h6 5. Bh4 Nc6 6. Nc3 Be7 7. e3 O-O 8. Bd3
Nd7 9. Bxe7 Nxe7 10. cxd5 exd5 11. O-O Nb6 12. Ne5 Nf5 13. Qc2 Qg5 14. Nf3 Qf6
15. Ne2 Ne7 16. Qxc7 Nc6 17. Qg3 Nb4 18. Nf4 Nxd3 19. Nxd3 Bf5 20. Nc5 Rab8 21.
Ne5 Rfd8 22. Qf3 Nc4 23. Nxc4 dxc4 24. Rac1 Bd3 25. Qxf6 gxf6 26. Rfd1 Be2 27.
Rd2 b6 28. Rxe2 bxc5 29. Rxc4 Rbc8 30. h3 Rd5 31. Rec2 Kf8 32. Rxc5 Rcxc5 33.
Rxc5 Rd8 34. Kf1 Rb8 35. b3 Rb6 36. Ra5 Rb7 37. Ke2 Ke7 38. Kd3 Kd6 39. Kc4
Rc7+ 40. Rc5 Rb7 41. a4 Rb8 42. f3 Rg8 43. g4 f5 44. Rxf5 Rc8+ 45. Rc5 Re8 46.
e4 Re6 47. d5 Rf6 48. Rc6+ Ke7 49. Rxf6 Kxf6 50. f4 Ke7 51. Kc5 Kd7 52. d6 f6
53. a5 Kd8 54. Kc6 Kc8 55. d7+ Kd8 56. a6 f5 57. exf5 h5 58. gxh5 Ke7 59. Kc7
Kf7 60. d8=Q Kg7 61. f6+ Kf7 62. Qe7+ Kg8 63. Qg7# 1-0

[Event "HEM C-Turnier"]
[Site "Frankfurt-Zeilsheim"]
[Date "2018.05.12"]
[Round "6.19"]
[White "Pessotschinski, Lars"]
[Black "Edelmann, Anastasija"]
[Result "1-0"]
[WhiteElo "1692"]
[BlackElo "919"]
[PlyCount "41"]
[EventDate "2018.??.??"]
[EventType "swiss"]
[EventRounds "7"]
[EventCountry "GER"]
[WhiteTeam "TuS Makkabi"]
[BlackTeam "SC Frankfurt-West"]

1. e4 e5 2. Nf3 Nc6 3. d4 exd4 4. Nxd4 Nf6 5. Nxc6 bxc6 6. e5 Nd5 7. Bc4 Bb7 8.
Bxd5 cxd5 9. Nc3 Qe7 10. Bf4 Qe6 11. Qd2 Bc5 12. O-O-O d6 13. exd6 cxd6 14.
Rhe1 Qxe1 15. Rxe1+ Kd7 16. Nxd5 Rhe8 17. Rxe8 Rxe8 18. b4 Bb6 19. Nxb6+ axb6
20. Qxd6+ Kc8 21. Qc7# 1-0

[Event "HEM C-Turnier"]
[Site "Frankfurt-Zeilsheim"]
[Date "2018.05.12"]
[Round "6.20"]
[White "Lassek, Bjarne"]
[Black "Kleingarn, Frederik"]
[Result "1-0"]
[WhiteElo "993"]
[BlackElo "1010"]
[PlyCount "99"]
[EventDate "2018.??.??"]
[EventType "swiss"]
[EventRounds "7"]
[EventCountry "GER"]
[WhiteTeam "SC Nied"]
[BlackTeam "SC Nied"]

1. e4 e5 2. Nf3 Nc6 3. Bc4 Bc5 4. c3 Nf6 5. d4 exd4 6. cxd4 Bb4+ 7. Bd2 Bxd2+
8. Nbxd2 d5 9. exd5 Nxd5 10. O-O O-O 11. Re1 Nf6 12. Ne4 Nxe4 13. Rxe4 Bf5 14.
Rf4 Qd7 15. Ne5 Nxe5 16. dxe5 Qxd1+ 17. Rxd1 Bg6 18. Rd7 Rac8 19. e6 fxe6 20.
Bxe6+ Kh8 21. Rxf8+ Rxf8 22. Rxc7 Re8 23. Bc4 h5 24. h3 Re1+ 25. Kh2 Be4 26.
Re7 Kh7 27. f3 Bd5 28. Bd3+ Be4 29. Bxe4+ Kh6 30. Rxb7 a6 31. Rb6+ g6 32. Rxg6+
Kh7 33. Bd3 Rd1 34. Be4 Ra1 35. Rxa6+ Kg7 36. b4 Rc1 37. b5 Rc7 38. b6 Rc8 39.
b7 Rb8 40. Ra8 Rxa8 41. bxa8=Q Kf6 42. Qc6+ Kf7 43. Qd5+ Kf6 44. a3 Ke7 45. a4
Kf6 46. a5 h4 47. a6 Ke7 48. a7 Kf6 49. a8=Q Ke7 50. Qad8# 1-0

[Event "HEM C-Turnier"]
[Site "Frankfurt-Zeilsheim"]
[Date "2018.05.13"]
[Round "7.2"]
[White "Doehne, Vincent"]
[Black "Hoelss, Silas"]
[Result "1-0"]
[WhiteElo "1296"]
[BlackElo "1457"]
[PlyCount "103"]
[EventDate "2018.??.??"]
[EventType "swiss"]
[EventRounds "7"]
[EventCountry "GER"]
[WhiteTeam "SC Hattersheim"]
[BlackTeam "SSG Hungen-Lich"]

1. e4 Nf6 2. Nc3 e5 3. Bc4 Nc6 4. Nf3 Nxe4 5. Bxf7+ Kxf7 6. Nxe4 Be7 7. c3 d5
8. Ng3 e4 9. Ng1 Rf8 10. Qb3 Na5 11. Qa4 c6 12. N1e2 b5 13. Qd4 Nc4 14. Nh5 Rg8
15. f3 g6 16. Nhg3 c5 17. Qf2 Rf8 18. b3 Ne5 19. fxe4+ Kg7 20. Qe3 Ng4 21. Qd3
Nf2 22. Qxd5 Qxd5 23. exd5 Nxh1 24. Nxh1 c4 25. Nd4 a6 26. Nc6 Rf7 27. Ng3 Bd6
28. bxc4 bxc4 29. Na5 Bxg3+ 30. hxg3 Bb7 31. Nxc4 Bxd5 32. Nb6 Re8+ 33. Kd1
Rf1+ 34. Kc2 Be4+ 35. d3 Bf5 36. Bh6+ Kxh6 37. Rxf1 Re2+ 38. Kb3 Bxd3 39. Rf7
Rxg2 40. Rf3 Bf5 41. a4 Bg4 42. Re3 Bd1+ 43. Kb4 Rc2 44. c4 Kg5 45. c5 Kg4 46.
Nd5 Bf3 47. Nc3 Kxg3 48. c6 Kf4 49. Rxf3+ Kxf3 50. c7 g5 51. c8=Q g4 52. Qf5+
1-0

[Event "HEM C-Turnier"]
[Site "Frankfurt-Zeilsheim"]
[Date "2018.05.13"]
[Round "7.3"]
[White "Menz, Sebastian"]
[Black "Fuchs, Christofer"]
[Result "1/2-1/2"]
[WhiteElo "1265"]
[BlackElo "1265"]
[PlyCount "119"]
[EventDate "2018.??.??"]
[EventType "swiss"]
[EventRounds "7"]
[EventCountry "GER"]
[WhiteTeam "SC Ehrenberg"]
[BlackTeam "SC Bad Soden"]

1. d4 f5 2. e3 Nf6 3. c4 e6 4. Nf3 d5 5. Nc3 c6 6. c5 Be7 7. Bd3 O-O 8. b4 b6
9. Bb2 Ba6 10. Ne5 Bxd3 11. Qxd3 Ne4 12. O-O Qc7 13. Rac1 b5 14. Qe2 Nxc3 15.
Bxc3 Nd7 16. Nd3 Rf6 17. f4 Kh8 18. Be1 Rf7 19. Bg3 Rg8 20. Nf2 Qd8 21. Ra1 g5
22. Nd3 Rfg7 23. Rf2 Qe8 24. fxg5 Bxg5 25. Ne5 Nf6 26. Bf4 Ne4 27. Raf1 Nxf2
28. Rxf2 h6 29. Nd3 Qf8 30. Be5 Bf6 31. Bf4 Rg6 32. Qh5 Qg7 33. g3 Kh7 34. Be5
Rg5 35. Qh3 Rf8 36. Bd6 Re8 37. Bf4 Rg6 38. Bd6 Bg5 39. Re2 Bf6 40. Nf4 Rg4 41.
Qh5 Rg8 42. Nxe6 Qg6 43. Nf8+ Rxf8 44. Qxg6+ Rxg6 45. Bxf8 h5 46. Kf1 Bd8 47.
Bd6 Rf6 48. Be5 Re6 49. Rf2 Kg6 50. Kg2 Re8 51. Bf4 Bf6 52. Kf3 Ra8 53. Bc7 Bg5
54. h4 Bh6 55. a3 Re8 56. Re2 Bg7 57. Ra2 Re6 58. a4 a6 59. axb5 axb5 60. Ra6
1/2-1/2

[Event "HEM C-Turnier"]
[Site "Frankfurt-Zeilsheim"]
[Date "2018.05.13"]
[Round "7.4"]
[White "Bernath, Markus"]
[Black "Goodwin, David"]
[Result "1/2-1/2"]
[WhiteElo "1224"]
[BlackElo "1539"]
[PlyCount "61"]
[EventDate "2018.??.??"]
[EventType "swiss"]
[EventRounds "7"]
[EventCountry "GER"]
[WhiteTeam "SC Heuchelheim"]
[BlackTeam "SV Kelsterbach"]

1. e4 g6 2. d4 Bg7 3. Nc3 a6 4. f4 d6 5. e5 dxe5 6. fxe5 c5 7. Be3 Nh6 8. Bxh6
Bxh6 9. dxc5 Qc7 10. Qd4 Bg7 11. Nf3 Nc6 12. Qc4 Be6 13. Qh4 Nxe5 14. Nxe5
Qxe5+ 15. Qe4 Rd8 16. Qxe5 Bxe5 17. Na4 O-O 18. Bd3 Bf4 19. O-O Be3+ 20. Kh1
Rd5 21. Bc4 Re5 22. Bxe6 fxe6 23. Rxf8+ Kxf8 24. Nb6 Rf5 25. b4 Ke8 26. g4 Rf2
27. c4 Bd4 28. Rd1 e5 29. a4 Rb2 30. Nd5 Kd7 31. b5 1/2-1/2

[Event "HEM C-Turnier"]
[Site "Frankfurt-Zeilsheim"]
[Date "2018.05.13"]
[Round "7.5"]
[White "Shehab, Tarek"]
[Black "Arnold, Aaron"]
[Result "1-0"]
[WhiteElo "1218"]
[BlackElo "1339"]
[PlyCount "57"]
[EventDate "2018.??.??"]
[EventType "swiss"]
[EventRounds "7"]
[EventCountry "GER"]
[WhiteTeam "SF Korbach"]
[BlackTeam "SC Frankfurt-West"]

1. e4 b6 2. c4 Bb7 3. Nc3 e6 4. d4 Bb4 5. Qc2 Bxc3+ 6. bxc3 d5 7. cxd5 exd5 8.
e5 Nd7 9. Nf3 h6 10. Bd3 Ne7 11. O-O a6 12. a4 c5 13. Qe2 c4 14. Bc2 Nf8 15.
Ba3 Bc8 16. Bxe7 Qxe7 17. Rfb1 Rb8 18. Rb2 Be6 19. Rab1 Nd7 20. Nd2 O-O 21. f4
f6 22. f5 Bxf5 23. Bxf5 fxe5 24. Bxd7 Qxd7 25. Qxe5 Rbe8 26. Qg3 Qxa4 27. Rxb6
Re2 28. Rb7 g5 29. Qc7 1-0

[Event "HEM C-Turnier"]
[Site "Frankfurt-Zeilsheim"]
[Date "2018.05.13"]
[Round "7.6"]
[White "Arnold, Jan"]
[Black "Kasiman, Alexander"]
[Result "1/2-1/2"]
[WhiteElo "1441"]
[BlackElo "1139"]
[PlyCount "70"]
[EventDate "2018.??.??"]
[EventType "swiss"]
[EventRounds "7"]
[EventCountry "GER"]
[WhiteTeam "SC Frankfurt-West"]
[BlackTeam "SV Ffm-Griesheim"]

1. c4 Nf6 2. Nc3 g6 3. g3 Bg7 4. Bg2 O-O 5. Nf3 Nc6 6. d4 e6 7. O-O d5 8. cxd5
exd5 9. e3 b6 10. b3 Re8 11. Ba3 Bb7 12. Rc1 Rc8 13. Bh3 Rb8 14. b4 a5 15. b5
Na7 16. Bb2 Ne4 17. a4 Bc8 18. Bg2 Bg4 19. Qc2 Bf5 20. Nxe4 dxe4 21. Nd2 Rc8
22. Bxe4 Bh3 23. Rfe1 h5 24. Bb7 Qg5 25. Bxc8 Nxc8 26. Qxc7 Ne7 27. Qf4 Qd5 28.
Qf3 Qg5 29. Ne4 Qd5 30. Qh1 Qb3 31. Rb1 Bf5 32. Nc3 Bxb1 33. Rxb1 Rc8 34. Qe4
Bf8 35. Ne2 Rc2 1/2-1/2

[Event "HEM C-Turnier"]
[Site "Frankfurt-Zeilsheim"]
[Date "2018.05.13"]
[Round "7.7"]
[White "Neagu, Liviu"]
[Black "Schaefer, Jessica"]
[Result "1-0"]
[WhiteElo "1562"]
[BlackElo "1461"]
[PlyCount "77"]
[EventDate "2018.??.??"]
[EventType "swiss"]
[EventRounds "7"]
[EventCountry "GER"]
[WhiteTeam "SF Friedberg"]
[BlackTeam "SK Turm Bad Hersfeld"]

1. d4 Nf6 2. c4 c5 3. Nf3 d6 4. Nc3 e6 5. g3 g6 6. Bg2 Bg7 7. dxc5 d5 8. cxd5
Nxd5 9. Nxd5 exd5 10. Nd4 Qa5+ 11. Bd2 Qxc5 12. Bc3 O-O 13. O-O Nc6 14. Nb3 Qd6
15. Bxg7 Kxg7 16. Qxd5 Qxd5 17. Bxd5 Bd7 18. Nc5 Bc8 19. Bxc6 bxc6 20. Rac1 Rd8
21. Rfd1 Rxd1+ 22. Rxd1 Rb8 23. b3 Bf5 24. f3 Re8 25. e4 Be6 26. Rd6 Kf6 27.
Kf2 h5 28. Rxc6 g5 29. Nxe6 Rxe6 30. Rxe6+ fxe6 31. Ke3 e5 32. b4 Ke6 33. a4
Kd6 34. f4 gxf4+ 35. gxf4 exf4+ 36. Kxf4 a6 37. Kf5 h4 38. h3 Kc6 39. Ke6 1-0